Himachal Pradesh: its proper shape and status (Record no. 488610)

000 -LEADER
fixed length control field 00326cam a22001097a 4500
008 - FIXED-LENGTH DATA ELEMENTS--GENERAL INFORMATION
fixed length control field 180718b1965 xxu||||| |||| 00| 0 eng d
082 ## - DEWEY DECIMAL CLASSIFICATION NUMBER
Classification number B65x5462 H57
100 ## - MAIN ENTRY--PERSONAL NAME
Personal name Parmar, B.S.
245 ## - TITLE STATEMENT
Title Himachal Pradesh: its proper shape and status
Statement of responsibility, etc. by B.S. Parmar
260 ## - PUBLICATION, DISTRIBUTION, ETC.
Place of publication, distribution, etc. Simla
Name of publisher, distributor, etc. Government of Himachal Pradesh
Date of publication, distribution, etc. 1965
300 ## - PHYSICAL DESCRIPTION
Extent 76p.
Holdings
Withdrawn status Lost status Damaged status Not for loan Permanent Location Current Location Date acquired Full call number Barcode Date last seen Price effective from Koha item type
        Indian Institute of Public Administration Indian Institute of Public Administration 2018-08-04 B65x5462 H57 GG16483 2018-08-04 2018-08-04 GG

Powered by Koha